书目信息 |
| 题名: |
儿童心理学
|
|
| 作者: | 李燕 主编 | |
| 分册: | ||
| 出版信息: | 北京 中央广播电视大学出版社 2011 |
|
| 页数: | 246页 | |
| 开本: | 23cm | |
| 丛书名: | ||
| 单 册: | ||
| 中图分类: | B844.1 | |
| 科图分类: | ||
| 主题词: | 儿童心理学--广播电视大学--教材 , 儿童心理学 | |
| 电子资源: | ||
| ISBN: | 978-7-304-05201-0 | |
| 000 | 00883nam0 2200253 45 | |
| 001 | 1354481764 | |
| 005 | 20130510101716.14 | |
| 010 | @a978-7-304-05201-0@dCNY24.00 | |
| 100 | @a20130108d2011 em y0chiy50 ea | |
| 101 | 0 | @achi |
| 102 | @aCN@b110000 | |
| 105 | @aa z 000yy | |
| 106 | @ar | |
| 200 | 1 | @a儿童心理学@AEr Tong Xin Li Xue@f李燕主编@FLi Yan Zhu Bian |
| 210 | @a北京@c中央广播电视大学出版社@d2011 | |
| 215 | @a246页@c图@d23cm | |
| 300 | @a中央广播电视大学教材 | |
| 330 | @a本书主要介绍了学前儿童心理发展的基础知识,包括儿童心理发展的基本理论,儿童生理、认知、语言、情感,社会性发展的特点和规律,以及环境因素(包括家庭和家庭以外的因素)对儿童发展的影响等内容。 | |
| 606 | 0 | @a儿童心理学@x广播电视大学@j教材 |
| 606 | 0 | @a儿童心理学 |
| 690 | @aB844.1@v5 | |
| 701 | 0 | @a李燕@ALi Yan@4主编 |
| 801 | @aCN@bTANGWEI@c20130108 | |
| 905 | @b0830177-80@dB844.1@e1108@f4 | |
| 儿童心理学/李燕主编.-北京:中央广播电视大学出版社,2011 |
| 246页:图;23cm |
| 中央广播电视大学教材 |
| ISBN 978-7-304-05201-0:CNY24.00 |
| 本书主要介绍了学前儿童心理发展的基础知识,包括儿童心理发展的基本理论,儿童生理、认知、语言、情感,社会性发展的特点和规律,以及环境因素(包括家庭和家庭以外的因素)对儿童发展的影响等内容。 |
| ● |
| 相关链接 |
|
|
|
|
正题名:儿童心理学
索取号:B844.1/1108
 
预约/预借
| 序号 | 登录号 | 条形码 | 馆藏地/架位号 | 状态 | 备注 |
| 1 | 0830177 | 208301773 | 第一样本阅览室/ [索取号:B844.1/1108] | 在馆 | |
| 2 | 0830178 | 208301782 | 第一借阅区/ [索取号:B844.1/1108] | 在馆 | |
| 3 | 0830179 | 208301791 | 第一借阅区/ [索取号:B844.1/1108] | 在馆 | |
| 4 | 0830180 | 208301808 | 第一借阅区/ [索取号:B844.1/1108] | 在馆 |